| 000 | 00732nam a2200229 4500 | ||
|---|---|---|---|
| 001 | 5961 | ||
| 010 | _a9724212726 | ||
| 090 | _a5961 | ||
| 100 | _a20211231d1994 a||y0pory5003 ba | ||
| 200 | 1 |
_aUma Floresta no Inverno _fSaro de la Iglesia _gilustrações de Sally Cutting |
|
| 210 |
_aLisboa _cCírculo de Leitores _dimp. 1996 |
||
| 215 |
_a57, [4] p., 2 quadros desdobráveis _cil. color. _d30 cm |
||
| 606 |
_914 _aLiteratura infantil |
||
| 606 |
_913 _aLiteratura Estrangeira |
||
| 675 |
_a82-93 _vBN _zpor |
||
| 675 |
_a821.1/.8 _vBN _zpor |
||
| 700 |
_aDe La Iglesia _bSaro _95641 |
||
| 702 |
_aCutting _bSally _f1949- _94099 |
||
| 702 |
_aLourenço _bCristina _91947 |
||
| 801 | 0 |
_aPT _bBMVN _gRPC |
|
| 830 |
_cAna Caetano _d31/12/2021 |
||
| 990 | _cLIVROS | ||